Представление документа в формате MARC21

Поле Инд. ПП Название Значение
Тип записи a
Библиографический уровень b
001 Контрольный номер RU/IS/BASE/103740186
005 Дата корректировки 20200522190756.5
084 a Индекс другой классификации/Индекс ББК 65.291.33(2Рос)-18
100 1_ a Автор Дудорин В.
q Полное имя Дудорин Василий
245 a Заглавие Тарифная политика
500 a Примечание Статья печатается в порядке дискуссии
520 a Аннотация Предлагается метод, позволяющий объективизировать и превратить в решаемую одну из наиболее актуальных и болевых проблем управления российской экономикой - проблему установления справедливых тарифов на продукция и услуги предприятий
650 a Основная рубрика маркетинг
a Основная рубрика экономика
a Основная рубрика экономика предприятия
653 a Ключевые слова доходы государства
a Ключевые слова заработная плата
a Ключевые слова объективизация тарифной политики
a Ключевые слова производительность труда
a Ключевые слова производство
a Ключевые слова расчет тарифов
a Ключевые слова рентабельность предприятия
a Ключевые слова Россия
a Ключевые слова снижение тарифов
a Ключевые слова тарифная политика
a Ключевые слова тарифы на продукцию
a Ключевые слова тарифы на услуги
a Ключевые слова финансовая политика
a Ключевые слова экономико-математические модели
773 t Заглавие источника РИСК: ресурсы, информация, снабжение, конкуренция
d Дата издания источника 2003
g Прочая информация № 1. - С. 78 - 80 : рис.
w Контрольный № источника RU/IS/BASE/102175616
901 t Тип документа b